La vorágine /

Furkejuvvon:
Bibliográfalaš dieđut
Váldodahkki: Rivera, José Eustasio
Materiálatiipa: Dovdameahttun
Giella:Spanish
Almmustuhtton: Buenos Aires, Argentina : Losada, 1978.
Preanttus:16. edición
Ráidu:(Biblioteca clásica y contemporánea ; 94)
Fáttát:
Fáddágilkorat: Lasit fáddágilkoriid
Eai fáddágilkorat, Lasit vuosttaš fáddágilkora!

MARC

LEADER 000000000a22000000004500
001 015319
041 0 |a spa 
082 0 4 |a C863.4   |b R621v16 
100 1 |a Rivera, José Eustasio 
245 1 3 |a La vorágine /   |c José Eustasio Rivera. 
250 |a 16. edición 
260 1 |a Buenos Aires, Argentina :   |b Losada,   |c 1978. 
300 |a 266 páginas 
490 1 |a (Biblioteca clásica y contemporánea ;   |v 94) 
500 |a Número de inscripción 13974 
650 4 |a LITERATURA COLOMBIANA 
650 4 |a NOVELA 
999 |c 21176  |d 21176 
942 |c BK  |h C863.4 R621v16  |2 z